La storia di Girolamo Savonarola e de´suoi tempi / (Record no. 167604)
[ view plain ]
| 000 -LEADER | |
|---|---|
| campo de control de longitud fija | 00700nam a22002055i 4500 |
| 001 - NÚMERO DE CONTROL | |
| campo de control | 167604 |
| 003 - IDENTIFICADOR DE NÚMERO DE CONTROL | |
| campo de control | ES-MaACL |
| 005 - FECHA Y HORA DE LA ÚLTIMA TRANSACCIÓN | |
| campo de control | 20250927164029.0 |
| 008 - DATOS DE LONGITUD FIJA--INFORMACIÓN GENERAL | |
| campo de control de longitud fija | 990507s1882 it |||| | ita d |
| 040 ## - FUENTE DE CATALOGACIÓN | |
| Centro catalogador/agencia de origen | CCPB | B |
| Lengua de catalogación | spa |
| Centro/agencia transcriptor | CCPB | B |
| 100 0# - ENTRADA PRINCIPAL--NOMBRE DE PERSONA | |
| Nombre de persona | Villari, Pasquale. |
| 9 (RLIN) | 115122 |
| 245 13 - MENCIÓN DEL TÍTULO | |
| Título | La storia di Girolamo Savonarola e de´suoi tempi / |
| Mención de responsabilidad, etc. | narrata da Pasquale Villari. |
| 260 ## - PUBLICACIÓN, DISTRIBUCIÓN, ETC. | |
| Lugar de publicación, distribución, etc. | Firenza : |
| Nombre del editor, distribuidor, etc. | Successori le Monnier, |
| Fecha de publicación, distribución, etc. | 1882. |
| 300 ## - DESCRIPCIÓN FÍSICA | |
| Extensión | 2 v. ; |
| Dimensiones | 18 cm. |
| 596 #1 - NOTA AL PIE DE IMPRENTA | |
| NOTA AL PIE DE IMPRENTA | Marca tip. en port. |
| 597 #1 - NOTA DE DESCRIPCIÓN FÍSICA | |
| NOTA DE DESCRIPCIÓN FÍSICA | En t. II aparece: "Fine del secondo ed ultimo volume" |
| 600 04 - PUNTO DE ACCESO ADICIONAL DE MATERIA--NOMBRE DE PERSONA | |
| Nombre de persona | Savonarola, Girolamo, |
| Fechas asociadas al nombre | 1452-1498 |
| 9 (RLIN) | 104085 |
| 852 ## - LOCALIZACIÓN | |
| Ubicación | ES-MaACL |
| Número de control de estantería | G-1339-40 |
| Nota libre | -- Enc. hol. |
| Estatus retirado | Estado de pérdida | Estado de daño | No para préstamo | Colección | Biblioteca de origen | Biblioteca actual | Ubicación en estantería | Fecha de adquisición | Total de préstamos | Signatura topográfica completa | Código de barras | Visto por última vez | Precio de reemplazo | Tipo de ítem Koha |
|---|---|---|---|---|---|---|---|---|---|---|---|---|---|---|
| Libros del s. XIX | Biblioteca del Ateneo de Madrid | Biblioteca del Ateneo de Madrid | Depósito 2 | 17/01/2008 | G-1339-40 | 1175835 | 23/02/2023 | 23/02/2023 | Libro impreso antiguo |
